Arrebatos verbales: dramas, ensayos, discursos y conversaciones
Պահպանված է:
| Հիմնական հեղինակ: | |
|---|---|
| Ձևաչափ: | Գիրք |
| Լեզու: | իսպաներեն |
| Հրապարակվել է: |
Barcelona
DeBolsillo
2013
|
| Հրատարակություն: | 1a. ed |
| Շարք: | Contemporánea
|
| Խորագրեր: | |
| Ցուցիչներ: |
Ավելացրեք ցուցիչ
Չկան պիտակներ, Եղեք առաջինը, ով նշում է այս գրառումը!
|
MARC
| LEADER | 00000cam a2200000 a 4500 | ||
|---|---|---|---|
| 001 | UCE5993 | ||
| 003 | CL-VaPUC | ||
| 008 | 150319e20130000sp |||||||||||||||||spa|d | ||
| 020 | |a 9788490325339v.9 | ||
| 082 | 0 | 4 | |a 838.9 |b CAN |2 21 |
| 100 | |a Canetti, Elias |e autor |9 522188 | ||
| 245 | 1 | 0 | |a Arrebatos verbales: dramas, ensayos, discursos y conversaciones |
| 250 | |a 1a. ed | ||
| 300 | |a v | ||
| 942 | |c BK | ||
| 945 | |d 20150319 12:57:00 |a dcastane | ||
| 260 | |a Barcelona |b DeBolsillo |c 2013 | ||
| 500 | |a v.9: obra completa | ||
| 650 | 0 | |a Dramas alemanes |9 266681 | |
| 650 | 0 | |a Literatura alemana |9 265457 | |
| 583 | |a last modification |c 20150319 12:57:00 |k Rodrigo Vera | ||
| 490 | 0 | |a Contemporánea | |
| 999 | |c 358500 |d 358498 | ||
| 952 | |0 0 |1 0 |3 erb |4 0 |6 838_900000000000000_CAN_2013 |7 0 |8 A |9 467234 |a BIBART |b BIBART |h v.9 |i 514132K |l 1 |o 838.9 CAN 2013 |p 514132K |r 2025-03-13 |s 2022-04-21 |w 2019-11-23 |y BK |z Catalogado en:20150319 |k ART | ||